000 00331nam a22001457a 4500
003 OSt
005 20220216104733.0
008 220216b |||||||| |||| 00| 0 eng d
020 _a9781635491043
040 _cHU
082 _a629.25
100 _aPri
_926419
245 _aPrinciples Of Automotive Engines
942 _2ddc
_cBOOKS
_n0
999 _c30562
_d30562